Top 10 Länder mit den meisten Auswanderern - Statistiken

Allgemein
  • Dieses Quiz wurde 176 mal gespielt
  • Das Durchschnittsergebnis liegt bei 6 aus 10
Antwortstatistiken
Auswanderer Land % Korrekt
9,5 Mio. China
86%
15,6 Mio. Indien
79%
10,6 Mio. Russland
77%
5 Mio. Syrien
75%
12,3 Mio. Mexiko
70%
5,9 Mio. Pakistan
56%
7,2 Mio. Bangladesch
40%
5,8 Mio. Ukraine
40%
5,3 Mio. Philippinen
21%
4,9 Mio. Vereinigtes Königreich
17%
Keine übereinstimmenden Quizze gefunden
Verteilung der Resultate
Anzahl Personen mit jedem Resultat
Perzentil nach korrekt beantworteten Fragen
Ihre Resultats-Entwicklung
Sie haben dieses Quiz noch nicht gespielt